Central Library OPAC University of Rajshahi

Abnormal psychology : (Record no. 29622)

MARC details
000 -LEADER
fixed length control field 01039cam a2200301 4500
001 - CONTROL NUMBER
control field 29622
003 - CONTROL NUMBER IDENTIFIER
rucl marc code BD-RjUL
005 - DATE AND TIME OF LATEST TRANSACTION
control field 20211209051433.0
008 - FIXED-LENGTH DATA ELEMENTS--GENERAL INFORMATION
fixed length control field 140406s1947 nyua b 001 0 eng d
035 ## - SYSTEM CONTROL NUMBER
System control number (OCoLC)ocm01377579
System control number (BD-RjUL)29707
System control number (NNC)4013920
040 ## - CATALOGING SOURCE
Original cataloging agency U.S. Armed Forces Medical Library
Transcribing agency ITD
Modifying agency SER
-- ZCH
-- BD-RjUL
Language of cataloging eng
041 ## - LANGUAGE CODE
Language code of text/sound track or separate title eng
082 04 - DEWEY DECIMAL CLASSIFICATION NUMBER
Classification number 616.8
Author mark and year PAA 1947
100 1# - MAIN ENTRY--PERSONAL NAME
Personal name Page, James D.
Fuller form of name (James Daniel),
Dates associated with a name 1910-1984.
9 (RLIN) 90255
245 10 - TITLE STATEMENT
Title Abnormal psychology :
Remainder of title a clinical approach to psychological deviants /
Statement of responsibility, etc. James D. Page
250 ## - EDITION STATEMENT
Edition statement 1st ed.
260 ## - PUBLICATION, DISTRIBUTION, ETC. (IMPRINT)
Place of publication, distribution, etc. New York :
Date of publication, distribution, etc. 1947.
Name of publisher, distributor, etc. Mcgraw-Hill Book Company ;
300 ## - PHYSICAL DESCRIPTION
Pagination xvii, 441 p. :
Illustrations illus. ;
Size 24 cm.
490 1# - SERIES STATEMENT
Series statement McGraw-Hill publications in psychology
504 ## - BIBLIOGRAPHY, ETC. NOTE
Bibliography, etc Includes bibliographies. "List of visual aids": p. 427-429. and Index
650 #0 - SUBJECT ADDED ENTRY--TOPICAL TERM
Topical term or geographic name as entry element Psychology, Pathological.
9 (RLIN) 90256
830 #0 - SERIES ADDED ENTRY--UNIFORM TITLE
Uniform title McGraw-Hill publications in psychology.
942 ## - ADDED ENTRY ELEMENTS (KOHA)
Source of classification or shelving scheme Dewey Decimal Classification
Koha item type Books
Holdings
Lost status Source of classification or shelving scheme Damaged status Not for loan Collection code Permanent Location Current Location Shelving location Date acquired Source of acquisition Cost, normal purchase price Total Checkouts Full call number Date last seen Copy number Koha item type
  Dewey Decimal Classification     Non-fiction Central Library, University of Rajshahi Central Library, University of Rajshahi   09/02/1963 Zeitlinger 54.00   616.8 PAA 1947 06/04/2014 C-6 Books
  Dewey Decimal Classification     Non-fiction Central Library, University of Rajshahi Central Library, University of Rajshahi   09/02/1963 Zeitlinger 54.00   616.8 PAA 1947 07/04/2014 C-3 Books
  Dewey Decimal Classification   Not For Loan Non-fiction Central Library, University of Rajshahi Central Library, University of Rajshahi Reading Room 06/12/1962 Zeithinger 54.00   616.8 PAA 1947 16/03/2017 C-1 Books